000 00577nam a22001937a 4500
003 KOHA_MİRAKIL
005 20251202073525.0
008 251202b tu ||||| |||| 00| 0 tur d
020 _a9786258352214
040 _aTR-AnABB
_btur
_cTR-AnABB
041 _atur
082 _a160
_bEBH 2022
100 1 _aEbheri, İmam Esiruddin el-Ebheri,
245 1 0 _aTenzîlü’l-efkâr fî ta’dîli’l-esrâr /
_cEsirüddin el-Ebheri
260 _aAnkara :
_bTürkiye Bilimler Akademisi,
_c2022
300 _a614 sayfa ;
_c24 cm
650 0 4 _aMetafizik
942 _2ddc
_cBK
999 _c9693
_d9693
900 _bGizem YORULMAZ